[Event "XII Festival Magistrale"]
[Site "Celle Ligure ITA"]
[Date "1997.03.??"]
[Round "7"]
[White "Cordara, Michele"]
[Black "Sbarra, Marco"]
[WhiteElo "2195"]
[BlackElo "2285"]
[Result "1-0"]
[PlyCount "71"]
[EventDate "1997.03.22"]

1. c4 e5 2. Nc3 Nf6 3. g3 Nc6 4. Bg2 Bc5 5. e3 d6 6. Nge2 Bf5 7. d4 Bb6 8. d5
Ne7 9. e4 Bg4 10. h3 Bd7 11. O-O h5 12. Na4 h4 13. Nxb6 axb6 14. g4 Ng6 15. Bg5
b5 16. Qd3 bxc4 17. Qxc4 Ra4 18. Qc2 c5 19. dxc6 Bxc6 20. Nc3 Rc4 21. b3 Rc5
22. Be3 Rxc3 23. Qxc3 Nxe4 24. Qb4 d5 25. Bxe4 dxe4 26. Rfd1 Qf6 27. Bb6 Nf4
28. Rd8+ Qxd8 29. Bxd8 Kxd8 30. Qd6+ Kc8 31. Qxe5 Ne6 32. Rd1 Rd8 33. Rxd8+
Kxd8 34. Qd6+ Kc8 35. a4 g5 36. Qe7 1-0

[Event "XII Festival Magistrale"]
[Site "Celle Ligure ITA"]
[Date "1997.03.??"]
[Round "7"]
[White "Guido, Flavio"]
[Black "Skembris, Spyridon"]
[WhiteElo "2300"]
[BlackElo "2450"]
[Result "1/2-1/2"]
[PlyCount "22"]
[EventDate "1997.03.22"]

1. e4 e5 2. Nf3 Nc6 3. d4 exd4 4. Bc4 d6 5. Nxd4 Nf6 6. Nc3 Be7 7. O-O O-O 8.
h3 Bd7 9. Re1 a6 10. a4 Re8 11. Bg5 h6 1/2-1/2

[Event "XII Festival Magistrale"]
[Site "Celle Ligure ITA"]
[Date "1997.03.??"]
[Round "7"]
[White "Lanzani, Mario"]
[Black "Bonugli, Carlo"]
[WhiteElo "2370"]
[BlackElo "2075"]
[Result "1-0"]
[PlyCount "69"]
[EventDate "1997.03.22"]

1. e4 e6 2. d4 d5 3. Nc3 Bb4 4. e5 c5 5. a3 Bxc3+ 6. bxc3 Qc7 7. Nf3 b6 8. Bb5+
Bd7 9. Bd3 Ba4 10. Kf1 Nd7 11. Ng5 c4 12. Be2 Nf8 13. h4 O-O-O 14. h5 f6 15.
Nf3 Ne7 16. h6 Neg6 17. hxg7 Qxg7 18. exf6 Qf7 19. Bh6 Qxf6 20. Bg5 Qf5 21.
Bxd8 Bxc2 22. Qd2 Kxd8 23. Rc1 Be4 24. Qg5+ Kd7 25. Qxf5 Bxf5 26. g3 Kc7 27.
Ng5 Ne7 28. f4 Rg8 29. Kf2 Nc6 30. Bh5 Rg7 31. Rce1 Re7 32. g4 Bd3 33. Rh3 Kd7
34. Rhe3 Nd8 35. f5 1-0

[Event "XII Festival Magistrale"]
[Site "Celle Ligure ITA"]
[Date "1997.03.??"]
[Round "7"]
[White "Lenz, Alarich"]
[Black "Jovanic, Ognjen"]
[WhiteElo "2195"]
[BlackElo "2260"]
[Result "1/2-1/2"]
[PlyCount "58"]
[EventDate "1997.03.22"]

1. c4 Nf6 2. g3 c5 3. Bg2 d5 4. cxd5 Nxd5 5. Nc3 Nc7 6. Nf3 Nc6 7. Qa4 Bd7 8.
Qe4 f6 9. Nd5 e5 10. Nxc7+ Qxc7 11. O-O Be7 12. d3 O-O 13. Qc4+ Kh8 14. Be3 b6
15. Rfc1 Qd6 16. Nd2 Be6 17. Ne4 Qd7 18. Qa4 Rac8 19. a3 a5 20. Nd2 Rc7 21.
Bxc6 Qxc6 22. Qxc6 Rxc6 23. b4 axb4 24. axb4 Rfc8 25. Ra7 R6c7 26. Rxc7 Rxc7
27. bxc5 Bxc5 28. Bxc5 Rxc5 29. Rxc5 bxc5 1/2-1/2

[Event "XII Festival Magistrale"]
[Site "Celle Ligure ITA"]
[Date "1997.03.??"]
[Round "7"]
[White "Lovati, Paolo"]
[Black "Fuggetta, Leonardo"]
[WhiteElo "1981"]
[BlackElo "2070"]
[Result "1-0"]
[PlyCount "119"]
[EventDate "1997.03.22"]

1. Nf3 g6 2. g3 Bg7 3. Bg2 e5 4. d3 d6 5. c4 Ne7 6. O-O h6 7. Nc3 Nbc6 8. Rb1
Be6 9. b4 Qd7 10. b5 Nd8 11. e4 O-O 12. Nd5 Nxd5 13. cxd5 Bg4 14. Qc2 Bxf3 15.
Bxf3 c6 16. a4 cxd5 17. exd5 Rc8 18. Qb3 b6 19. Be3 Nb7 20. Rfc1 Nc5 21. Bxc5
Rxc5 22. Rxc5 dxc5 23. a5 Rb8 24. Qc4 Bf8 25. h4 h5 26. d6 Qxd6 27. Bd5 Qd7 28.
Re1 Bg7 29. axb6 Rxb6 30. Re3 Bf6 31. Qe4 Kg7 32. Bc4 Rd6 33. Qa8 Rd4 34. Kg2
Qc7 35. Qe8 Rd8 36. Qc6 Rc8 37. Qa6 Rd8 38. Re1 Rd6 39. Qa3 Rd7 40. Qa6 Rd6 41.
Qa2 Rd7 42. Qe2 Qb7+ 43. f3 Qc7 44. Rb1 Be7 45. Rb3 Bd6 46. Qe4 Qb8 47. Ra3 Be7
48. Ra6 Bd8 49. Rc6 Rd4 50. Qe3 Bb6 51. Qg5 Bd8 52. Qe3 Bb6 53. f4 e4 54. f5
Qe8 55. fxg6 fxg6 56. Qg5 exd3 57. Re6 Qa8+ 58. Kh3 Rg4 59. Re7+ Kf8 60. Qf6#
1-0

[Event "XII Festival Magistrale"]
[Site "Celle Ligure ITA"]
[Date "1997.03.??"]
[Round "7"]
[White "Mordiglia, Riccardo"]
[Black "Egartner, Wolfgang"]
[WhiteElo "2105"]
[BlackElo "2185"]
[Result "0-1"]
[PlyCount "148"]
[EventDate "1997.03.22"]

1. d4 Nf6 2. Nc3 d5 3. e4 dxe4 4. f3 exf3 5. Nxf3 e6 6. Bd3 Nc6 7. O-O Nxd4 8.
Kh1 Nc6 9. a3 Be7 10. Qe1 Nd5 11. Ne4 f5 12. Neg5 Qd6 13. Bb5 O-O 14. Bxc6 Qxc6
15. Nd4 Qa6 16. Ndxe6 Bxe6 17. Qxe6+ Qxe6 18. Nxe6 Rf6 19. Nf4 Nxf4 20. Bxf4
Re6 21. Rae1 Rxe1 22. Rxe1 Kf7 23. Kg1 g5 24. Be5 Re8 25. Bc3 Bc5+ 26. Kf1
Rxe1+ 27. Kxe1 Ke6 28. Bd2 f4 29. Ke2 Kf5 30. a4 h5 31. b3 Ke4 32. Bc3 Bd4 33.
Bd2 g4 34. Be1 Be5 35. h3 f3+ 36. gxf3+ gxf3+ 37. Kf2 h4 38. Bd2 Bf4 39. Bc3
Be3+ 40. Kf1 Kf4 41. Be1 Kg5 42. Bc3 Bc5 43. Bd2+ Kf5 44. Be1 Be7 45. Bf2 a6
46. Ke1 Ke4 47. Kf1 b5 48. axb5 axb5 49. Ke1 c5 50. Kf1 Kd5 51. Ke1 c4 52.
bxc4+ Kxc4 53. Kd1 Bg5 54. Be1 Kd4 55. Bf2+ Ke4 56. Ke1 Kf5 57. Kf1 Kf4 58. Ke1
Ke4 59. Kf1 Kd5 60. Ke1 Kc4 61. Kd1 Kc3 62. Be1+ Kb2 63. Bf2 Kb1 64. Be1 Be3
65. Bxh4 f2 66. Ke2 Kxc2 67. Bf6 Kb3 68. h4 Kc4 69. h5 b4 70. Bb2 b3 71. h6
Bxh6 72. Kxf2 Kd3 73. Be5 Kc2 74. Ke2 Bd2 0-1

[Event "XII Festival Magistrale"]
[Site "Celle Ligure ITA"]
[Date "1997.03.??"]
[Round "7"]
[White "Quagliarella, Sabino Remo"]
[Black "Scotti, Umberto"]
[WhiteElo "1934"]
[BlackElo "2130"]
[Result "1/2-1/2"]
[PlyCount "35"]
[EventDate "1997.03.22"]

1. d4 d5 2. Nf3 Nc6 3. Bf4 Bf5 4. c3 e6 5. e3 Bd6 6. Bxd6 Qxd6 7. Bd3 Bxd3 8.
Qxd3 Nf6 9. Nbd2 O-O 10. O-O e5 11. dxe5 Nxe5 12. Nxe5 Qxe5 13. Nf3 Qe7 14.
Rfd1 Rad8 15. Qf5 Rfe8 16. Rd4 c6 17. Rad1 Ne4 18. Qf4 1/2-1/2

[Event "XII Festival Magistrale"]
[Site "Celle Ligure ITA"]
[Date "1997.03.??"]
[Round "7"]
[White "Rosin, Federico"]
[Black "Di Paolo, Raffaele"]
[WhiteElo "1884"]
[BlackElo "2265"]
[Result "1/2-1/2"]
[PlyCount "62"]
[EventDate "1997.03.22"]

1. d4 Nf6 2. c4 g6 3. Nc3 Bg7 4. e4 d6 5. Be2 O-O 6. Nf3 e5 7. dxe5 dxe5 8.
Qxd8 Rxd8 9. Bg5 Re8 10. Nd5 Nxd5 11. cxd5 c6 12. Bc4 cxd5 13. Bxd5 Nc6 14.
Bxc6 bxc6 15. O-O-O Be6 16. Kb1 Rab8 17. Rc1 Rb4 18. Nd2 Reb8 19. Rc2 Bf8 20.
Be3 c5 21. Rhc1 f5 22. b3 Rd8 23. f3 a5 24. Rb2 Rd3 25. Bxc5 Bxc5 26. Rxc5 fxe4
27. Nxe4 Bf5 28. Rxe5 Rd1+ 29. Kc2 Rbd4 30. b4 R1d2+ 31. Kc1 Rd1+ 1/2-1/2

[Event "XII Festival Magistrale"]
[Site "Celle Ligure ITA"]
[Date "1997.03.??"]
[Round "7"]
[White "Tortarolo, Massimiliano"]
[Black "Ljubisavljevic, Zivojin Z."]
[WhiteElo "2260"]
[BlackElo "2275"]
[Result "1/2-1/2"]
[PlyCount "100"]
[EventDate "1997.03.22"]

1. e4 d5 2. exd5 Nf6 3. d4 Nxd5 4. c4 Nb6 5. Nc3 g6 6. c5 Nd5 7. Bc4 c6 8. Qb3
e6 9. Nf3 Bg7 10. Bg5 f6 11. Bh4 b5 12. cxb6 axb6 13. O-O O-O 14. Rfe1 g5 15.
Bg3 g4 16. Nd2 f5 17. Be5 Bxe5 18. Rxe5 Nf4 19. Ne2 Nxe2+ 20. Rxe2 Qxd4 21.
Bxe6+ Bxe6 22. Rxe6 Kh8 23. Nf1 b5 24. Rd1 Qc5 25. a3 Ra7 26. Qg3 Rg7 27. b4
Qa7 28. Qc3 f4 29. Rd4 Kg8 30. Ree4 Qc7 31. Qd2 Rgf7 32. g3 Nd7 33. Rxf4 Ne5
34. Rxf7 Qxf7 35. Qg5+ Qg7 36. Qxg7+ Kxg7 37. Kg2 h5 38. Nd2 Ra8 39. f4 gxf3+
40. Nxf3 Nxf3 41. Kxf3 Rxa3+ 42. Kf4 h4 43. Ke5 hxg3 44. Rg4+ Kf7 45. Rxg3 Ra2
46. Kd6 Rc2 47. h4 Rc4 48. h5 Rxb4 49. Kxc6 Rh4 50. Kxb5 Rxh5+ 1/2-1/2

[Event "XII Festival Magistrale"]
[Site "Celle Ligure ITA"]
[Date "1997.03.??"]
[Round "7"]
[White "Vujovic, Milorad"]
[Black "Lovric, Branko"]
[WhiteElo "2255"]
[BlackElo "2370"]
[Result "1/2-1/2"]
[PlyCount "81"]
[EventDate "1997.03.22"]

1. c4 b6 2. d4 e6 3. Nc3 Bb4 4. Bd2 Nf6 5. e3 O-O 6. Nf3 Bb7 7. Bd3 d6 8. O-O
c5 9. a3 Bxc3 10. Bxc3 Ne4 11. Be1 Nd7 12. Nd2 Nxd2 13. Qxd2 d5 14. Qc2 h6 15.
cxd5 Bxd5 16. e4 Bb7 17. Bc3 Rc8 18. Qe2 cxd4 19. Bxd4 Nc5 20. Bxc5 Rxc5 21.
Rad1 Qe7 22. e5 Rd8 23. f4 Rcd5 24. b4 a5 25. bxa5 bxa5 26. Qe3 g6 27. Be2 Rxd1
28. Rxd1 Rxd1+ 29. Bxd1 Bd5 30. g4 Qb7 31. Be2 Qb1+ 32. Kf2 Qh1 33. Qg3 Qe4 34.
h4 Kg7 35. h5 gxh5 36. gxh5+ Kf8 37. Qf3 Qd4+ 38. Qe3 Qb2 39. Qd3 Kg7 40. Qg3+
Kf8 41. Qd3 1/2-1/2

[Event "XII Festival Magistrale"]
[Site "Celle Ligure ITA"]
[Date "1997.03.??"]
[Round "8"]
[White "Bonugli, Carlo"]
[Black "Zsifkovits, Robert"]
[WhiteElo "2075"]
[BlackElo "2170"]
[Result "1-0"]
[PlyCount "115"]
[EventDate "1997.03.22"]

1. e4 d5 2. exd5 Nf6 3. d4 Nxd5 4. c4 Nb6 5. Nc3 e5 6. dxe5 Qxd1+ 7. Nxd1 Nc6
8. Bf4 Be6 9. Rc1 Bb4+ 10. Nc3 Nxc4 11. Bxc4 Bxc4 12. a3 O-O-O 13. axb4 Nxb4
14. Be3 Nd3+ 15. Kd2 Nxf2+ 16. Kc2 Nxh1 17. Nh3 Rd3 18. Re1 g5 19. Ne4 h6 20.
b3 Ba6 21. Nc5 Rd5 22. Nxa6 bxa6 23. Rxh1 Re8 24. Rd1 Rdxe5 25. Bxa7 Kb7 26.
Bd4 Rd5 27. Rd2 f5 28. Ng1 Red8 29. Be3 Rxd2+ 30. Bxd2 Rd4 31. Ne2 Rg4 32. g3
Re4 33. Kd3 Re5 34. Nd4 c5 35. Ne2 Kc6 36. Nc3 Re6 37. Kc4 Re8 38. Kd3 Rd8+ 39.
Kc2 Rb8 40. Ne2 Kd5 41. Be3 Rc8 42. Kd3 Ke5 43. Bd2 Rd8+ 44. Ke3 Rb8 45. Nc1 h5
46. Nd3+ Kd5 47. Nc1 c4 48. bxc4+ Kxc4 49. h4 g4 50. Kf4 Rb5 51. Kg5 a5 52.
Kxh5 a4 53. Kg5 Rd5 54. Bf4 a3 55. h5 Kc3 56. h6 Kc2 57. h7 Rd8 58. Be5 1-0

[Event "XII Festival Magistrale"]
[Site "Celle Ligure ITA"]
[Date "1997.03.??"]
[Round "8"]
[White "Cirabisi, Federico"]
[Black "Zoldan, Matteo"]
[WhiteElo "2125"]
[BlackElo "2155"]
[Result "1-0"]
[PlyCount "113"]
[EventDate "1997.03.22"]

1. d4 Nf6 2. e3 g6 3. c4 Bg7 4. Nc3 d6 5. Nf3 Nbd7 6. Be2 O-O 7. O-O e5 8. b4
Re8 9. Qc2 Qe7 10. Bb2 e4 11. Nd2 Nf8 12. Nd5 Nxd5 13. cxd5 Bf5 14. Rfc1 Rec8
15. b5 h5 16. a4 Nh7 17. a5 Nf6 18. Qc4 Ng4 19. Bxg4 Bxg4 20. Rc2 Bf5 21. a6 b6
22. Rac1 Bd7 23. Ba3 Qe8 24. Rb2 f5 25. Rb3 Bh6 26. Re1 Kg7 27. f3 Qe7 28. Qc2
Qf7 29. fxe4 fxe4 30. Qxe4 Bf5 31. Qf3 Re8 32. Bc1 Re7 33. e4 Bg4 34. Qxf7+
Kxf7 35. e5 dxe5 36. dxe5 Rd8 37. e6+ Ke8 38. Ne4 Bg7 39. Bb2 Kf8 40. Nf6 Bxf6
41. Bxf6 Rxd5 42. Bxe7+ Kxe7 43. Rc3 Bxe6 44. Rxc7+ Rd7 45. Rb7 Kf6 46. Rc1 Rd2
47. Rc6 Kf5 48. Rxa7 Bd5 49. Rd6 Rxg2+ 50. Kf1 Be4 51. Rf7+ Ke5 52. Rxb6 Rxh2
53. Re7+ Kf4 54. Rxe4+ Kxe4 55. a7 Rh1+ 56. Kg2 Ra1 57. Ra6 1-0

[Event "XII Festival Magistrale"]
[Site "Celle Ligure ITA"]
[Date "1997.03.??"]
[Round "8"]
[White "Egartner, Wolfgang"]
[Black "Tortarolo, Massimiliano"]
[WhiteElo "2185"]
[BlackElo "2260"]
[Result "0-1"]
[PlyCount "86"]
[EventDate "1997.03.22"]

1. c4 Nf6 2. Nf3 c6 3. d4 d6 4. Bg5 Nbd7 5. Nc3 e5 6. e3 Be7 7. Be2 O-O 8. O-O
Re8 9. Qc2 a6 10. Rfd1 Qc7 11. Rac1 b6 12. b4 Bb7 13. c5 dxc5 14. bxc5 b5 15.
dxe5 Nxe5 16. Bf4 Nxf3+ 17. Bxf3 Qc8 18. Ne4 Nxe4 19. Bxe4 g6 20. Bd6 Bf6 21.
Bf3 a5 22. h3 Bg7 23. a3 Ba6 24. Qd2 b4 25. axb4 a4 26. Qa2 Bb5 27. Bg4 Qb7 28.
Be5 Bxe5 29. Rd7 Qxd7 30. Bxd7 Re7 31. Bg4 a3 32. Rc2 Kg7 33. Rd2 Bc3 34. Rc2
Bf6 35. Rd2 Re4 36. Bd1 Rxb4 37. Bb3 Ra7 38. Kh2 Ba4 39. Qxa3 Rxb3 40. Qa2 Rc3
41. Rb2 Rxc5 42. Rb8 Be5+ 43. f4 Bxb8 0-1

[Event "XII Festival Magistrale"]
[Site "Celle Ligure ITA"]
[Date "1997.03.??"]
[Round "8"]
[White "Lanzani, Mario"]
[Black "Rosin, Federico"]
[WhiteElo "2370"]
[BlackElo "1884"]
[Result "1-0"]
[PlyCount "141"]
[EventDate "1997.03.22"]

1. e4 c6 2. Nc3 d5 3. Nf3 dxe4 4. Nxe4 Nd7 5. Bc4 Ngf6 6. Neg5 e6 7. Nxf7 Kxf7
8. Ng5+ Ke8 9. Nxe6 Qa5 10. Qe2 Qe5 11. Nc7+ Kd8 12. Nxa8 b6 13. Qxe5 Nxe5 14.
Be2 Bb7 15. d4 Ng6 16. Nxb6 axb6 17. O-O Bd6 18. g3 h5 19. Bf3 h4 20. Bg5 Kd7
21. c4 Rf8 22. Bg2 Nh7 23. Be3 Ne7 24. c5 Bc7 25. b4 Ba6 26. Rfc1 Nd5 27. Bxd5
cxd5 28. a4 hxg3 29. fxg3 Rf3 30. Re1 Nf6 31. b5 Bc8 32. Kg2 Rf5 33. a5 bxc5
34. dxc5 Be5 35. c6+ Kc7 36. Rac1 d4 37. b6+ Kb8 38. Bf4 Bxf4 39. gxf4 Rxa5 40.
b7 Ra2+ 41. Kg1 d3 42. Ra1 d2 43. bxc8=Q+ Kxc8 44. Red1 Rc2 45. Kf2 Rxc6 46.
Ra4 Re6 47. Kf3 Kd8 48. Rxd2+ Ke8 49. Re2 Rxe2 50. Kxe2 Kf7 51. Kf3 Kg6 52. Ra5
Nd7 53. Kg4 Nf8 54. Ra6+ Kf7 55. Kf5 Nh7 56. Ra7+ Kg8 57. h4 Nf8 58. h5 Kh7 59.
Ra8 Nd7 60. Kg5 Nc5 61. Re8 Nd3 62. Re7 Kg8 63. Re3 Nc5 64. h6 gxh6+ 65. Kxh6
Kf7 66. Kg5 Nb7 67. Ra3 Nc5 68. Ra7+ Kf8 69. f5 Kg8 70. Kg6 Kf8 71. f6 1-0

[Event "XII Festival Magistrale"]
[Site "Celle Ligure ITA"]
[Date "1997.03.??"]
[Round "8"]
[White "Ljubisavljevic, Zivojin Z."]
[Black "Tabernig, Bernhard"]
[WhiteElo "2275"]
[BlackElo "2275"]
[Result "1/2-1/2"]
[PlyCount "78"]
[EventDate "1997.03.22"]

1. e4 e6 2. d4 d5 3. Nd2 Nf6 4. e5 Nfd7 5. f4 c5 6. c3 Nc6 7. Ndf3 cxd4 8. cxd4
Qb6 9. Ne2 Be7 10. g3 f6 11. Bh3 O-O 12. O-O fxe5 13. Bxe6+ Kh8 14. Bxd5 Nxd4
15. Kg2 Nxe2 16. Qxe2 Nf6 17. Bb3 Bg4 18. fxe5 Nd7 19. e6 Nc5 20. Be3 Qc6 21.
Bxc5 Rxf3 22. Rxf3 Rf8 23. Raf1 Rxf3 24. Rxf3 Bxc5 25. h3 Bxf3+ 26. Qxf3 Qxf3+
27. Kxf3 g6 28. Ke4 Kg7 29. Kd5 b6 30. Kc6 Kf6 31. g4 h6 32. h4 g5 33. h5 a5
34. Kd5 Be3 35. Bc4 Bc1 36. b3 Ba3 37. Kc6 Bc5 38. Kd5 Ba3 39. Ke4 Bb4 1/2-1/2

[Event "XII Festival Magistrale"]
[Site "Celle Ligure ITA"]
[Date "1997.03.??"]
[Round "8"]
[White "Lovati, Paolo"]
[Black "Duarte, Riccardo"]
[WhiteElo "1981"]
[BlackElo "2010"]
[Result "1-0"]
[PlyCount "87"]
[EventDate "1997.03.22"]

1. Nf3 Nc6 2. g3 e5 3. d3 d5 4. Bg2 f5 5. O-O Nf6 6. c3 Bd6 7. b4 a6 8. Qb3 Ne7
9. Bg5 c6 10. Nbd2 Be6 11. Bxf6 gxf6 12. c4 Qd7 13. Rfc1 Kf7 14. a4 dxc4 15.
Nxc4 Bc7 16. Qb1 Rag8 17. Na5 Bxa5 18. bxa5 f4 19. Nd2 fxg3 20. hxg3 f5 21. Qb2
Qc7 22. Nf3 Ng6 23. Rc5 h5 24. Nxe5+ Nxe5 25. Qxe5 Qxe5 26. Rxe5 f4 27. Rb1
fxg3 28. fxg3 Rxg3 29. Rf1+ Ke7 30. Rf3 Rg6 31. Kh2 Kd6 32. d4 Rhg8 33. Rf2 Bg4
34. e4 h4 35. Rc5 h3 36. e5+ Ke7 37. Be4 R6g7 38. d5 cxd5 39. Bxd5 Rb8 40. Rc7+
Bd7 41. e6 Kd6 42. Rxd7+ Rxd7 43. exd7 Kxd5 44. d8=Q+ 1-0

[Event "XII Festival Magistrale"]
[Site "Celle Ligure ITA"]
[Date "1997.03.??"]
[Round "8"]
[White "Lovric, Branko"]
[Black "Guido, Flavio"]
[WhiteElo "2370"]
[BlackElo "2300"]
[Result "1/2-1/2"]
[PlyCount "130"]
[EventDate "1997.03.22"]

1. b3 d5 2. Bb2 Bg4 3. f4 Nc6 4. h3 Bh5 5. g4 e5 6. Bg2 Bg6 7. f5 Bxf5 8. gxf5
Qh4+ 9. Kf1 Qf4+ 10. Ke1 Be7 11. Nf3 e4 12. e3 Qg3+ 13. Kf1 exf3 14. Qxf3 Qxf3+
15. Bxf3 Bf6 16. Bxf6 Nxf6 17. Nc3 O-O-O 18. Ne2 Ne7 19. Ng3 d4 20. Re1 dxe3
21. Rxe3 Ned5 22. Bxd5 Rxd5 23. Rh2 h5 24. Rf2 h4 25. Ne4 Rh5 26. Nxf6 gxf6 27.
Ref3 c5 28. Rf4 Kc7 29. Ke2 Kd6 30. Ke3 b5 31. c3 Re5+ 32. Re4 c4 33. Rff4 Kd5
34. bxc4+ bxc4 35. Rxe5+ fxe5 36. Rf1 f6 37. a4 Rg5 38. Rb1 Rg3+ 39. Kf2 Ke4
40. Rb7 Rxh3 41. Rxa7 Rh2+ 42. Ke1 Rh1+ 43. Ke2 Ra1 44. Rh7 Rxa4 45. Rxh4+ Kxf5
46. Ke3 Ke6 47. d4 Kd5 48. dxe5 fxe5 49. Rh8 Ra6 50. Rd8+ Rd6 51. Ra8 Rg6 52.
Rd8+ Ke6 53. Re8+ Kd6 54. Rd8+ Ke7 55. Rc8 Rg4 56. Rc6 Kd7 57. Rh6 Ke7 58. Ra6
Rh4 59. Rg6 Kd7 60. Ra6 Kc7 61. Rg6 Kb7 62. Re6 Rh3+ 63. Ke2 Rh2+ 64. Ke3 Rh3+
65. Ke2 Rh2+ 1/2-1/2

[Event "XII Festival Magistrale"]
[Site "Celle Ligure ITA"]
[Date "1997.03.??"]
[Round "8"]
[White "Mordiglia, Riccardo"]
[Black "Astengo, Marcello"]
[WhiteElo "2105"]
[BlackElo "2065"]
[Result "1-0"]
[PlyCount "72"]
[EventDate "1997.03.22"]

1. d4 d5 2. e4 e6 3. e5 c5 4. c3 Nc6 5. Nf3 Qb6 6. Bd3 Bd7 7. O-O Rc8 8. a3
cxd4 9. cxd4 Nxd4 10. Nxd4 Qxd4 11. Nc3 Qb6 12. Kh1 g6 13. Qe2 a6 14. f4 Nh6
15. f5 gxf5 16. h3 Rg8 17. Kh2 Rg6 18. g4 Nxg4+ 19. hxg4 Rxg4 20. Bxf5 exf5 21.
Nxd5 Rh4+ 22. Kg3 Qg6+ 23. Kxh4 Rc2 24. Nf6+ Qxf6+ 25. exf6+ Rxe2 26. Bf4 Re4
27. Kg3 Bc5 28. Rh1 Bd4 29. Rh6 Bc6 30. Rd1 Bxb2 31. Bd6 Re6 32. Be7 Rxe7 33.
fxe7 Kxe7 34. Kf4 Be4 35. a4 Ba3 36. Ke5 36... b5 $139 1-0

[Event "XII Festival Magistrale"]
[Site "Celle Ligure ITA"]
[Date "1997.03.??"]
[Round "8"]
[White "Podini, Francesco"]
[Black "Fuggetta, Leonardo"]
[WhiteElo "2010"]
[BlackElo "2070"]
[Result "1/2-1/2"]
[PlyCount "88"]
[EventDate "1997.03.22"]

1. c4 e5 2. Nc3 Nc6 3. g3 g6 4. Bg2 Bg7 5. e4 d6 6. Nge2 f5 7. d3 Be6 8. Nd5
Nf6 9. O-O O-O 10. exf5 Bxf5 11. h3 Qd7 12. Kh2 Rae8 13. Ne3 Be6 14. Rb1 Ne7
15. d4 Bf5 16. Nxf5 Qxf5 17. Be3 c6 18. g4 Qe6 19. Qc2 exd4 20. Nxd4 Qe5+ 21.
Kg1 d5 22. Rbe1 Qd6 23. c5 Qd7 24. f3 Nc8 25. Qd2 Rf7 26. Re2 Rfe7 27. Rfe1 b6
28. b4 a5 29. a3 axb4 30. axb4 bxc5 31. bxc5 Na7 32. Rb1 Nb5 33. Rbe1 Nxd4 34.
Bxd4 Rxe2 35. Rxe2 Rxe2 36. Qxe2 Qe8 37. Qb2 Qe1+ 38. Kh2 Qe7 39. Qb8+ Qf8 40.
Qc7 Qe8 41. Qd6 Nxg4+ 42. fxg4 Bxd4 43. Bxd5+ Kh8 44. Be6 Bg7 1/2-1/2

[Event "XII Festival Magistrale"]
[Site "Celle Ligure ITA"]
[Date "1997.03.??"]
[Round "8"]
[White "Sbarra, Marco"]
[Black "Quagliarella, Sabino Remo"]
[WhiteElo "2285"]
[BlackElo "1934"]
[Result "1-0"]
[PlyCount "145"]
[EventDate "1997.03.22"]

1. e4 d6 2. d4 Nf6 3. Nc3 c6 4. Nf3 Bg4 5. Be2 Nbd7 6. h3 Bh5 7. a4 e5 8. O-O
Be7 9. Re1 O-O 10. b3 Qc7 11. Bb2 Rfe8 12. Qd2 Rad8 13. Rad1 Bg6 14. Bf1 h6 15.
g3 Bf8 16. Bg2 a6 17. Nh4 Bh7 18. d5 cxd5 19. exd5 Rc8 20. Rc1 Qc5 21. Bf1 Nb6
22. Red1 e4 23. Ng2 Nbd7 24. Qe3 Qxe3 25. Nxe3 Ne5 26. Ne2 Nf3+ 27. Kg2 Nd7 28.
Nd4 Nde5 29. Be2 Nxd4 30. Bxd4 f6 31. Bg4 Nxg4 32. hxg4 b5 33. axb5 axb5 34. c3
Ra8 35. Ra1 Bg6 36. b4 h5 37. gxh5 Bxh5 38. g4 Bg6 39. Ra5 Rab8 40. Rda1 Rb7
41. Ra8 Rxa8 42. Rxa8 Kf7 43. Kg3 Be7 44. Kf4 Bh7 45. Nf1 g5+ 46. Ke3 f5 47.
gxf5 Bxf5 48. Ng3 Bg6 49. Nxe4 Bxe4 50. Kxe4 Bf6 51. Bxf6 Kxf6 52. Rf8+ Kg7 53.
Rd8 Rf7 54. Ke3 g4 55. Rxd6 Rf3+ 56. Ke2 Rxc3 57. Rb6 Rc2+ 58. Ke3 Rc3+ 59. Kd2
Rb3 60. d6 Rxb4 61. Kc3 Rb1 62. Kd4 Kf6 63. Kd5 b4 64. Kc6 Ke6 65. Kc7 Rc1+ 66.
Kd8 Rc5 67. d7+ Kf7 68. Rb7 Rf5 69. Rxb4 Rxf2 70. Rxg4 Rf3 71. Re4 Rb3 72. Rc4
Ke6 73. Kc8 1-0

[Event "XII Festival Magistrale"]
[Site "Celle Ligure ITA"]
[Date "1997.03.??"]
[Round "8"]
[White "Scotti, Umberto"]
[Black "Vismara, Daniele"]
[WhiteElo "2130"]
[BlackElo "2205"]
[Result "0-1"]
[PlyCount "60"]
[EventDate "1997.03.22"]

1. e4 c5 2. c3 d5 3. exd5 Qxd5 4. d4 Nf6 5. Nf3 Bg4 6. Be2 e6 7. O-O Nc6 8. Na3
Be7 9. Nc2 cxd4 10. Ncxd4 Nxd4 11. Nxd4 Bxe2 12. Qxe2 O-O 13. Be3 a6 14. Rfd1
Rfd8 15. Nb3 Qe4 16. f3 Rxd1+ 17. Rxd1 Qa4 18. Nc1 Nd5 19. Bf2 Bg5 20. Bd4 Nf4
21. Qf1 Qc2 22. g3 Nh3+ 23. Kh1 e5 24. Bb6 Qxb2 25. Qxh3 Qxb6 26. Qf5 Bxc1 27.
Rxc1 Qe3 28. Rc2 g6 29. Qf6 Qd3 30. Rb2 Qf1# 0-1

[Event "XII Festival Magistrale"]
[Site "Celle Ligure ITA"]
[Date "1997.03.??"]
[Round "8"]
[White "Sulava, Nenad"]
[Black "Vujovic, Milorad"]
[WhiteElo "2380"]
[BlackElo "2255"]
[Result "1-0"]
[PlyCount "83"]
[EventDate "1997.03.22"]

1. Nf3 Nf6 2. g3 c5 3. Bg2 Nc6 4. d4 cxd4 5. Nxd4 g6 6. O-O Bg7 7. c4 O-O 8. c5
Nxd4 9. Qxd4 Ne8 10. Qb4 Nc7 11. Nc3 Na6 12. Qa3 Bd4 13. b4 d6 14. Bh6 dxc5 15.
b5 Nb4 16. Rad1 Qe8 17. Ne4 Qxb5 18. Bxf8 Kxf8 19. e3 Be5 20. f4 Bf6 21. Rd8+
Kg7 22. Nxf6 exf6 23. Qb2 Qa5 24. Qd2 Qc7 25. g4 Nc6 26. Re8 Ne7 27. g5 Ng8 28.
Rd1 fxg5 29. Qd8 Qxd8 30. Rdxd8 Nf6 31. Rxc8 Rxc8 32. Rxc8 gxf4 33. exf4 Nh5
34. Rxc5 Nxf4 35. Rc7 h5 36. Rxb7 g5 37. Rxa7 g4 38. Bf1 Kg6 39. a4 f5 40. a5
Nd5 41. Rd7 Ne3 42. a6 1-0

[Event "XII Festival Magistrale"]
[Site "Celle Ligure ITA"]
[Date "1997.03.??"]
[Round "9"]
[White "Astengo, Marcello"]
[Black "Cirabisi, Federico"]
[WhiteElo "2065"]
[BlackElo "2125"]
[Result "1-0"]
[PlyCount "81"]
[EventDate "1997.03.22"]

1. d4 Nf6 2. c4 g6 3. Nc3 Bg7 4. e4 O-O 5. Be2 d6 6. h3 Nbd7 7. Nf3 e5 8. dxe5
dxe5 9. Be3 c6 10. c5 Qa5 11. O-O Nh5 12. a3 Nf4 13. Bc4 Qd8 14. b4 g5 15. Qd6
Kh8 16. Rad1 f5 17. Be6 Nxe6 18. Qxe6 f4 19. Bc1 Rf6 20. Qb3 Rg6 21. Rd6 Rxd6
22. cxd6 h5 23. Qf7 Nf8 24. Qxh5+ Nh7 25. h4 gxh4 26. Nxh4 Bf6 27. Ng6+ Kg7 28.
Nxe5 Be6 29. Bxf4 Ng5 30. Qg6+ Kh8 31. Bxg5 Bxg5 32. Qxe6 Qf6 33. Qxf6+ Bxf6
34. f4 a5 35. b5 Kg7 36. Rb1 Bd8 37. bxc6 bxc6 38. Nxc6 Bb6+ 39. Kf1 Rc8 40.
Nd5 Rxc6 41. Nxb6 1-0

[Event "XII Festival Magistrale"]
[Site "Celle Ligure ITA"]
[Date "1997.03.??"]
[Round "9"]
[White "Collareta, Giovanni"]
[Black "Lovati, Paolo"]
[WhiteElo "2230"]
[BlackElo "1981"]
[Result "1-0"]
[PlyCount "61"]
[EventDate "1997.03.22"]

1. e4 d6 2. d4 Nf6 3. Nc3 g6 4. Nf3 Bg7 5. h3 O-O 6. Be2 c6 7. a4 a5 8. O-O Na6
9. Bxa6 Rxa6 10. Re1 Ra8 11. Bg5 h6 12. Be3 Qc7 13. Qd2 Kh7 14. Rad1 Qb8 15. e5
Ne8 16. Ne4 f5 17. Ng3 dxe5 18. Nxe5 Nd6 19. Ne2 c5 20. Nf4 Ne4 21. Qc1 cxd4
22. Nexg6 dxe3 23. Nxf8+ Bxf8 24. Qxe3 e5 25. Nh5 Bc5 26. Qb3 Qc7 27. Rxe4 fxe4
28. Rd7+ Qxd7 29. Nf6+ Kg7 30. Nxd7 Bxd7 31. Qd5 1-0

[Event "XII Festival Magistrale"]
[Site "Celle Ligure ITA"]
[Date "1997.03.??"]
[Round "9"]
[White "Fuggetta, Leonardo"]
[Black "Duarte, Riccardo"]
[WhiteElo "2070"]
[BlackElo "2010"]
[Result "1/2-1/2"]
[PlyCount "64"]
[EventDate "1997.03.22"]

1. e4 e5 2. d3 Nf6 3. Nf3 d6 4. Bg5 Be7 5. c4 O-O 6. Nc3 c6 7. h3 Ne8 8. Bxe7
Qxe7 9. Be2 f5 10. Qd2 f4 11. O-O-O Na6 12. d4 exd4 13. Qxd4 Nc5 14. e5 dxe5
15. Qxe5 Qxe5 16. Nxe5 Nf6 17. Nd3 Nce4 18. Nxe4 Nxe4 19. Bf3 Bf5 20. Bxe4 Bxe4
21. f3 Bf5 22. Nxf4 b5 23. g4 Bxg4 24. fxg4 Rxf4 25. cxb5 cxb5 26. Rhf1 Rc4+
27. Kb1 a5 28. Rc1 Re4 29. Rc7 Rae8 30. Rff7 Re1+ 31. Kc2 R1e2+ 32. Kd1 Re1+
1/2-1/2